000 00278nam a2200121Ia 4500
008 190216s9999||||xx |||||||||||||| ||und||
100 _aRichar I Levin
245 0 _aStatistics For Management
260 _bKalyani Pub
_c1979
300 _a568p
650 _aCommerce
942 _cBK
999 _c4865
_d4865